| 000 | 02741 a2200229 4500 | ||
|---|---|---|---|
| 001 | 53116 | ||
| 005 | 20260407155805.0 | ||
| 008 | 260407a1991 arg spa d | ||
| 003 | AR-UNSa-BCEJYS | ||
| 040 |
_aAR-UNSa-BCEJYS _bspa _cAR-UNSa-BCEJYS |
||
| 080 |
_a330.834 _xKeynes y el keynesianismo. Neokeynesianismo. Poskeynesianismo |
||
| 245 | 1 | 0 | _aNew Keynesian Economics |
| 020 | _a978-0-262-63134-1 | ||
| 264 | 1 |
_aCambridge : _bThe MIT Press _c1991 |
|
| 300 |
_a2 v. (430 ; 450 p.) _c23 cm. |
||
| 505 | _aVol. 1: I:Costly price adjustment - 1. Small menu costs and large business cycles:A macroeconomic model of monopoly - 2.A near-rational model of the business cycle,with wage and price inertia - 3. Real rigidities and the nonneutrality of money - 4. Menu costs and the neutrality of money - 5. The rigidity of prices - 6. The new keynesian economics and the output-inflation trade-off - II:The staggering of wages and prices - 7. Long-term contracts,rational expectations and the optimal money supply rule - 8. Staggered wage setting in a macro model - 9. Price asynchronization and price-level inertia - 10. Will wage setters ever stagger decisions? - 11. Imperfect infortion and staggered price setting - III:Imperfect competition - 12. A model of imperfect competition with keynesian features - 13. Monopolistic competition and the effects of aggregate demand - 14. Imperfect competition and the keynesian cross - 15. Market strcture and macroeconomic fluctuations -- VOL. 2: IV:Coordination failures - 16. Coordinating coordination failures in keynesian models - 17. A simple rational-expectations Keynes-Type model - 18. Aggegate-dem,and managemente in search equilibrium - 19. Implementation cycles - 20. Self-Fulfilling expectations and fluctuations in aggregate demand - V:The labor market - 21. Efficiency-Wage models of unemployment - 22. Equilibrium unemploymente as a Worker-Discipline device - 23. Efficiency wages and the interindustry wage structure - 24. Implicit contracts and Fixer-Price equilibria - 25. Wage bargaining and employment - 26. Hysteresis in unemployment - VI:The credit market - 27. Credit rationing in markets with imperfect information - 28. The allocation of credit and financial collapse - 29. Nonmonetary effects of the financial crisis in the propagation of the great depression - 30. Credit,money and aggregate demand - VII.The goods market - 31. Inflation:Its mechanics and welfare costs - 32. Price rigidities and market structure - 33. A Supergame-Theoretic model of price wars during booms - 34. The cyclical behavior of marginal cost and price | ||
| 041 | _aspa | ||
| 942 | _cBK | ||
| 590 | _aniveau_biblio:m niveau_hierar:0 | ||
| 100 | 1 | _aMankiw, N. Gregory | |
| 700 | 1 | _aRomer, David | |
| 999 |
_c5099 _d5099 |
||